000
00308nam a22001217a 4500
020
_a
0-8053-6681-4
082
_a
005.133 MAI'C
100
_a
WARREN, D.S, MAIER, D
_9
66461
245
_a
COMPUTING WITH LOGIC, LOGIC PROGRAMMING WITH PROTOZ
260
_a
TOKYO
_b
BENJAMIN
_c
1988
300
_a
535P
942
_c
BK
999
_c
574433
_d
574433